Niektoré mikroekonomické aspekty ekonomickej reformy. 1.

Skúmanie problému, aký typ trhovej ekonomiky najviac zodpovedá čs. podmienkam a potrebám, akú cestu zvoliť, aby sa tento typ dosiahol a kde hľadať zdroje poznania. Analýza nedostatkov a ohraničení trhového mechanizmu a zdôvodnenie nevyhnutnosti vybudovania takého systému regulácie ekonomiky, ktorý d...

ver descrição completa

Na minha lista:
Detalhes bibliográficos
Autor principal: Kačír, Klement
Formato: Capítulo de Livro
Idioma:eslovaco
Assuntos:
Tags: Adicionar Tag
Sem tags, seja o primeiro a adicionar uma tag!

MARC

LEADER 00000naa a2200000 4500
001 r004971
005 20221125080642.0
041 0 |a slo 
044 |a [CS] 
245 1 0 |a Niektoré mikroekonomické aspekty ekonomickej reformy. 1.  |c Klement Kačír 
520 |a Skúmanie problému, aký typ trhovej ekonomiky najviac zodpovedá čs. podmienkam a potrebám, akú cestu zvoliť, aby sa tento typ dosiahol a kde hľadať zdroje poznania. Analýza nedostatkov a ohraničení trhového mechanizmu a zdôvodnenie nevyhnutnosti vybudovania takého systému regulácie ekonomiky, ktorý doplňuje využívanie trhového mechanizmu hospodárskou politikou štátu ako nástroja na korekciu nedostatkov trhového mechanizmu a nástroja programového rastu a stability ekonomiky. 
610 2 0 |a reformy hospodárske 
610 2 0 |a ČSFR 
610 2 0 |a mechanizmus trhový 
610 2 0 |a regulácia hospodárska 
610 2 0 |a politika hospodárska 
610 2 0 |a stabilita hospodárstva 
100 1 |a Kačír, Klement